000 00704cam a22002178i 4500
999 _c7802
_d7802
003 OSt
005 20200521135434.0
008 181030s2019 nyu b 001 0 eng
020 _a9781138549906 (pbk. : alk. paper)
082 0 0 _a729BAL
_223
100 1 _aBalmer, Jeffrey,
_eauthor.
245 1 0 _aDiagramming the big idea :
_bmethods for architectural composition /
_cby Jeffrey Balmer and Michael T. Swisher.
250 _aSecond edition.
263 _a1111
300 _avolumes cm
504 _aIncludes bibliographical references and index.
650 0 _aArchitectural design.
650 0 _aArchitecture
_xComposition, proportion, etc.
700 1 _aSwisher, Michael T.,
_eauthor.
942 _2ddc